Easy NFL Players Colleges - Statistics

General Stats
  • This quiz has been taken 67 times
  • The average score is 14 of 15
Answer Stats
Player College % Correct
Jayden Daniels LSU
100%
Jamar Chase LSU
100%
Justin Jefferson LSU
100%
Derrick Henry Alabama
98%
Tom Brady Michigan
98%
Xavier Worthy Texas
98%
Patrick Mahomes Texas Tech
98%
Caleb Williams USC
97%
Matthew Stafford Georgia
93%
Aaron Rodgers California
91%
DeAndre Hopkins Clemson
90%
Deshaun Watson Clemson
90%
Brock Purdy Iowa State
88%
Drake Maye UNC
84%
Drew Brees Purdue
83%
No matching quizzes found
Score Distribution
Percent of People with Each Score
Percentile by Number Answered
Your Score History
You have not taken this quiz